000 01232nam a2200241Ii 4500
003 JO-AjNU
005 20240624093605.0
008 230605s9999||||xx |||||||||||||| ||und||
040 _aJO-AjNU
_bara
_erda
_cJO-AjNU
041 _aara
050 1 4 _aHF5686.2011
100 _aطيفور، محمد سميح
_eمعد
_965491
245 0 0 _aالعلاقة بين الإنفاق الرأسمالي و الأداء المالي و التشغيلي في شركات صناعة الأدوية الأردنية = The relationship between capital spending and financial and operational performance in Jordanian pharmaceutical manufacturing companies
_c/ اعداد محمد سميح طيفور ؛ اشراف محمد مطر
264 3 1 _a2011
300 _a181 ورقة
336 _atext
_btxt
_2rdacontent
337 _aunmediated
_bn
_2rdamedia
338 _avolume
_bnc
_2rdacarrier
500 _aرسالة جامعية (ماجستير في المحاسبة)--جامعة الشرق الأوسط (عمان، الأردن)، كلية الأعمال، قسم المحاسبة، 2011
650 0 _aالشركات الصناعية -- محاسبة -- الأردن
_930853
700 _aمحمد مطر
_eمشرف
_965496
942 _2lcc
_cTHS
999 _c15845
_d15845